000 00302nam a22001337a 4500
008 170623b xxu||||| |||| 00| 0 eng d
020 _a086874517158
041 _aeng
080 _22ND
_a34
100 _a15
101 _aSHJ
245 _aU.S. IMMIGRATION & CITIZENSHIP
_cWERNICK,A
942 _2udc
_cBK
999 _c19047
_d19047